Films de Stanley Kubrick - Statistiques

Statistiques générales
  • Ce quiz a été pris 91 fois
  • Le résultat moyen est 8 sur 13
Statistiques - réponses
Hint Réponse % Correct
Film de 1971, où l'on suit l'histoire d'Alex le chef d'un groupe de voyou fan de musique classique et d'ultraviolence Orange Mécanique
93%
Film de 1980, où l'on suit une famille allant dans un hôtel durant l'hiver pour que le père de famille puisse travailler mais ce même hôtel va le faire délirer Shining
93%
Film de 1968, où l'on voit les génèses de l'humanité jusqu'au grand âge de la technologie spatiale avec des aspirations métaphysiques 2001 : L'Odyssée de la l'espace
89%
Film de 1987, où l'on suit la formation des jeunes soldats américains pour aller au Vietnam puis le cauchemar qu'ils y vivront Full Metal Jacket
87%
Film de 1999, où l'on suit un couple au bord de l'autodestruction quant aux délires de la femme et des soirées perverses que son mari suit Eyes Wide Shut
81%
Film de 1975, où l'on suit un jeune irlandais cherchant à monter dans l'échelle sociale en s'engageant dans l'armée ou encore en cotoyant l'aristocratie Barry Lyndon
71%
Film de 1964, où l'on suit un général fou donner l'ordre de bombarder l'URSS et où l'on suit les débats notamment au Pentagone a ce sujet Docteur Folamour (ou comment j'ai appris à ne plus m'en faire et à aimer la bombe)
68%
Film de 1962, où l'on suit l'histoire d'un homme tombant follement amoureux d'une adolescente et où l'on suit leurs aventures Lolita
64%
Film de 1960, où l'on peut voir le chef d'une révolte d'esclaves pendant la troisième guerre servile durant l'antiquité Spartacus
61%
Film de 1957, où l'on peut voir une troupe de soldat refusant d'aller sur le champ de bataille pendant la première guerre mondiale et se faisant juger suite à ça Les Sentiers de la Gloire
56%
Film de 1956, où l'on peut suivre un plan minutieux pendant une course de chevaux pour garder le butin L'Ultime Razzia
27%
Film de 1953, où un groupe de soldats se retrouve bloqué en territoire ennemi et leurs objectif est de s'en tirer Fear and Desire
17%
Film de 1955, où un boxeur tombe amoureux d'une danseuse mais son patron ne voit pas cette nouvelle d'un bon oeil et décide alors de tuer le boxeur pour garder la fille avec lui Le Baiser du tueur
16%
Aucun quiz correspondant
Distribution des résultats
% des personnes avec chaque résultat
Percentile par nombre de réponses
Votre historique - résultats
Vous n’avez pas pris ce quiz